ბათუმის შოთა რუსთაველის სახელმწიფო უნივერსიტეტის ბიბლიოთეკა

В суде первый раз ваши права (ბიბ.ჩანაწერი № 36048)

000 -LEADER
fixed length control field 00620nam a2200229Ia 4500
001 - CONTROL NUMBER
control field 1948
003 - CONTROL NUMBER IDENTIFIER
control field GE_BSU
008 - FIXED-LENGTH DATA ELEMENTS--GENERAL INFORMATION
fixed length control field 181216s||||||||xx |||||||||||||| ||und||
020 ## - INTERNATIONAL STANDARD BOOK NUMBER
International Standard Book Number 5222100243
040 ## - CATALOGING SOURCE
Transcribing agency GE_BSU
080 ## - UNIVERSAL DECIMAL CLASSIFICATION NUMBER
Universal Decimal Classification number 347.9(470)
100 ## - MAIN ENTRY--PERSONAL NAME
Personal name Якупов, Р.С.
245 ## - TITLE STATEMENT
Title В суде первый раз ваши права
245 ## - TITLE STATEMENT
Remainder of title Серия "Консультирует юрист
260 ## - PUBLICATION, DISTRIBUTION, ETC.
Place of publication, distribution, etc. Ростов на Дону
260 ## - PUBLICATION, DISTRIBUTION, ETC.
Name of publisher, distributor, etc. Феникс
260 ## - PUBLICATION, DISTRIBUTION, ETC.
Date of publication, distribution, etc. 2007
300 ## - PHYSICAL DESCRIPTION
Extent 192стр.
653 ## - INDEX TERM--UNCONTROLLED
Uncontrolled term В суде первый раз ваши права
942 ## - ADDED ENTRY ELEMENTS (KOHA)
Koha item type წიგნი
ეგზემპლარები
Withdrawn status Lost status Damaged status Not for loan Date acquired Barcode Date last seen Price effective from Koha item type
        2018-12-17 3788 2018-12-17 2018-12-17 წიგნი